Statistics for August Birthdays: Picture Edition

Click here to take the quiz!

General Stats

  • This quiz has been taken 126 times
    (83 since last reset)
  • The average score is 20 of 31

Answer Stats

Answer% Correct
Neil Armstrong
91%
Usain Bolt
91%
Barack Obama
86%
Michael Jackson
81%
Bill Clinton
79%
Kobe Bryant
79%
Mother Teresa
77%
Fidel Castro
74%
Jennifer Lawrence
74%
Madonna
74%
Whitney Houston
74%
Hulk Hogan
72%
Jack Black
72%
James Corden
72%
Roger Federer
70%
Robert De Niro
67%
Patrick Swayze
65%
Tom Brady
65%
Sean Connery
63%
Cameron Diaz
60%
Lucille Ball
53%
Van Morrison
53%
Kylie Jenner
51%
Magic Johnson
49%
Charlize Theron
47%
Jerry Garcia
44%
Robert Plant
37%
Sir Mix-a-Lot
35%
Vince McMahon
35%
Paul Reubens
30%
Wes Craven
30%

Score Distribution

Percentile by Number Answered

Percent of People with Each Score

Your Score History

You have not taken this quiz since the last reset